Flags With Their Coat of Arms displayed - Statistics

General Stats
  • This quiz has been taken 49 times
    45 since last reset
  • The average score is 25 of 27
Answer Stats
Picture Answer % Correct
Mexico
100%
Albania
97%
Spain
97%
Afghanistan
94%
Andorra
94%
Croatia
94%
Ecuador
94%
Egypt
94%
Guatemala
94%
Moldova
94%
Portugal
94%
San Marino
94%
Serbia
94%
Slovakia
94%
Slovenia
94%
Vatican City
94%
Fiji
92%
Iran
92%
Nicaragua
92%
El Salvador
89%
Ethiopia
89%
Montenegro
89%
Belize
86%
Paraguay
86%
Brunei
83%
Haiti
83%
Kiribati
83%
No matching quizzes found
Score Distribution
Percent of People with Each Score
Percentile by Number Answered
Your Score History
You have not taken this quiz since the last reset